[Event "CAN-ch U12"]
[Site "Windsor"]
[Date "2015.07.08"]
[Round "4.77"]
[White "Dodds, Liam"]
[Black "Yu, Ryan"]
[Result "0-1"]
[WhiteElo "1062"]
[BlackElo "993"]
[PlyCount "66"]
[EventDate "2015.07.06"]
[EventType "swiss"]
[EventRounds "7"]
[EventCountry "CAN"]
[SourceTitle "EXT 2022"]
[Source "ChessBase"]
[SourceDate "2021.10.06"]
[SourceVersion "1"]
[SourceVersionDate "2021.10.06"]
[SourceQuality "1"]

1. e3 e5 2. Qf3 d5 3. Na3 Nf6 4. Nh3 Bg4 5. Qg3 Bd6 6. Nb5 e4 7. b4 Bxg3 8. Ng1 c6 9. Nd4 Bh4 10. h3 Bh5 11. Bb2 Bg6 12. Nf5 Bxf5 13. a4 Nfd7 14. Bxg7 Rg8 15. Bc3 Bf6 16. d4 exd3 17. Bxd3 Bxd3 18. cxd3 Bxc3+ 19. Kd1 Bxa1 20. Nf3 Qf6 21. Rf1 Rxg2 22. Nh4 Qxh4 23. Kd2 Qxb4+ 24. Ke2 Qb2+ 25. Kf3 Qg7 26. e4 dxe4+ 27. dxe4 Qg5 28. Rxa1 Ne5+ 29. Ke2 Qh5+ 30. Kd2 Rxf2+ 31. Kc3 Qf3+ 32. Kd4 Rd2+ 33. Kxe5 Nd7# 0-1

[Event "CAN-ch U12"]
[Site "Windsor"]
[Date "2015.07.08"]
[Round "5.79"]
[White "Truong, Aidan"]
[Black "Dodds, Liam"]
[Result "1-0"]
[WhiteElo "1485"]
[BlackElo "1062"]
[PlyCount "65"]
[EventDate "2015.07.06"]
[EventType "swiss"]
[EventRounds "7"]
[EventCountry "CAN"]
[SourceTitle "EXT 2022"]
[Source "ChessBase"]
[SourceDate "2021.10.06"]
[SourceVersion "1"]
[SourceVersionDate "2021.10.06"]
[SourceQuality "1"]

1. e4 e6 2. d3 d6 3. c4 Na6 4. Qa4+ Bd7 5. Qb3 Nc5 6. Qd1 Ba4 7. b3 Bc6 8. d4 Nxe4 9. d5 exd5 10. cxd5 Bd7 11. Qe2 f6 12. Qxe4+ Ne7 13. g4 a6 14. g5 fxg5 15. Bxg5 a5 16. Bh3 Bb5 17. Nc3 Rc8 18. Nxb5 c5 19. Bxc8 a4 20. Qxa4 Qxc8 21. Na7+ Qd7 22. Nb5 Nxd5 23. 0-0-0 Nf6 24. Bf4 h5 25. Nc7+ Kd8 26. Qa8+ Kxc7 27. Nf3 Nd5 28. Rxd5 h4 29. Ne5 Qe6 30. Qa5+ b6 31. Qa7+ Kd8 32. a4 Qxd5 33. Qd7# 1-0